Busiest Airports in Turkey - Statistics

General Stats
  • This quiz has been taken 99 times
  • The average score is 16 of 35
Answer Stats
# Airport IATA % Correct
76.2 m Istanbul (main) IST
100%
37.0 m Istanbul Sabiha Gökçen SAW
100%
10.7 m İzmir ADB
100%
35.5 m Antalya AYT
99%
11.9 m Ankara Esenboğa ESB
96%
4.71 m Adana Şakirpaşa ADA
83%
2.62 m Gaziantep Oğuzeli GZT
73%
3.50 m Trabzon TZX
69%
899 k Konya KYA
68%
549 k Batman BAL
58%
4.06 m Milas / Bodrum BJV
56%
1.42 m Samsun Çarşamba SZF
56%
2.35 m Kayseri Erkilet ASR
55%
1.55 m Van VAN
55%
5.25 m Dalaman DLM
53%
2.05 m Diyarbakır DIY
47%
868 k Alanya Gazipaşa GZP
42%
1.05 m Erzurum ERZ
33%
441 k Denizli Çardak DNZ
32%
995 k Ordu / Giresun OGU
32%
1.02 m Rize / Artvin RZV
32%
437 k Sivas VAS
32%
732 k Malatya MLX
27%
883 k Şanlıurfa GAP GNY
26%
741 k Mardin MQM
24%
317 k Ağrı AJI
23%
260 k Balıkesir EDO
22%
538 k Kars KSY
22%
786 k Elazığ EZS
21%
394 k Erzincan ERC
21%
483 k Muş MSR
21%
561 k Nevşehir Kapadokya NAV
21%
355 k Iğdır IGD
17%
338 k Adıyaman ADF
15%
409 k Şırnak NKT
13%
No matching quizzes found
Score Distribution
Percent of People with Each Score
Percentile by Number Answered
Your Score History
You have not taken this quiz